000 01142 am a2200313 a 4500
005 20240805094136.0
008 100623s1998||||sp a f |||| 001 0 spa d
020 _a8479031891
041 _aspa
092 _c611.022
_l69
_sPUT
100 1 _aPutz, Reinhard V.
_eEd.
_91178
245 _aSobotta. Atlas de Anatomía Humana.
_bT.1 Cabeza, Cuello y Miembro Superior /
_cReinhard V. Putz
250 _a20 a ed. en español de la obra en alemán /
_bTraducción Alfonso Llamas ; José Luís Velayos e Ignacio Navascués. Prólogo de Fernando Reinoso Suárez
260 _aMadrid:
_bEditorial Médica Panamericana;
_c1998.
300 _a414 p.
_b683 ilustraciones
500 _aPutz, R. y Pabst, R. (Eds.). (1998). Sobotta. Atlas de anatomía humana. T.1 Cabeza, Cuello y Miembro Superior. (20a ed.). Madrid : Editorial Médica Panamericana.
653 _aAnatomía general
653 _aCabeza y cuello
653 _aMiembro superior
653 _aEncéfalo
653 _aOjo
653 _aOído
700 1 _aPabst, Reinhard
_eEd.
_91179
930 _a579
930 _a581
930 _a1634
930 _a580
942 _2ddc
_cBK
999 _c400
_d400